000 00280nam a2200121 a 4500
008 101025s1978|||| d
245 1 0 _aHrdinské Báje Ríma
100 1 _aLivius, Titus
260 _bTatran
_aBratislava
_c1978
020 _c19
041 _aslo
044 _axo
_cSK
999 _c12156
_d12156